Kapitálové výnosy a dividendy na býčích a medvedích trhoch najväčšie vzostupy a pády amerického akciového trhu
Možnosti investovania do akciového trhu USA v minulom storočí. Prvé podielové fondy. Dividendový výnos a faktory jeho ovplyvnenia. Krach, panika a medvedí trh. Príklady sekulárnych a sekundárnych trendov na akciových trhoch. Investori a rast špekulatívnych bublín. Striedanie pádov a vzostupov.
Salvato in:
| Autore principale: | |
|---|---|
| Natura: | Capitolo di libro |
| Lingua: | slovacco |
| Soggetti: | |
| Tags: |
Nessun Tag, puoi essere il primo ad aggiungerne!!
|
MARC
| LEADER | 00000naa$a2200000$$$4500 | ||
|---|---|---|---|
| 001 | 0107915 | ||
| 005 | 20231019090628.4 | ||
| 041 | 0 | |a slo | |
| 044 | |a SK | ||
| 245 | 1 | 0 | |a Kapitálové výnosy a dividendy na býčích a medvedích trhoch |b najväčšie vzostupy a pády amerického akciového trhu |c Vladimír Baláž |
| 520 | |a Možnosti investovania do akciového trhu USA v minulom storočí. Prvé podielové fondy. Dividendový výnos a faktory jeho ovplyvnenia. Krach, panika a medvedí trh. Príklady sekulárnych a sekundárnych trendov na akciových trhoch. Investori a rast špekulatívnych bublín. Striedanie pádov a vzostupov. | ||
| 610 | 2 | 0 | |a trh kapitálový |
| 610 | 2 | 0 | |a USA |
| 610 | 2 | 0 | |a akcie |
| 610 | 2 | 0 | |a investovanie |
| 610 | 2 | 0 | |a dividendy |
| 610 | 2 | 0 | |a burzy |
| 610 | 2 | 0 | |a indexy cenové |
| 610 | 2 | 0 | |a cyklickosť reprodukcie |
| 100 | 1 | |a Baláž, Vladimír | |